00531nam a22001697a 450000500170000001000150001702000260003203500130005803700130007108200110008410000190009524500860011426000380020027000520023830000210029050000500031120131218111013.0 aENG-108856 a9789383158072c950.00 aEN-92389 bDBAD/PUB a302.35 aMishra, Soumya aCulture climate and motivation :cby Soumya Mishraborganizational perspectives / aNew DelhibS.K. Book Agencyc2013 a5A/12, Ansari Road DaryaganjbNew Delhie110002 a257p. c22cm(Hb) aIncludes bibliographical references and index